| 000 | 01246nam a2200289 a 4500 | ||
|---|---|---|---|
| 001 | 000011846 | ||
| 005 | 20240307073945.0 | ||
| 008 | 091028s1985 dr 000 0 spa d | ||
| 040 |
_aDO-SdBNP _bspa _cBNPHU |
||
| 082 |
_aRD863.44 _bG216zC |
||
| 100 | 1 |
_aCiriaco, Valentín, _d1953- _928015 |
|
| 240 | 1 | 3 | _aLectura de cronica de una muerte anunciada |
| 245 | 1 | 3 |
_aLa multiplicidad de sentidos en crónica de una muerte anunciada / _cValentín Ciriaco, Ramón Núñez ; prólogo Diógenes Céspedes. |
| 260 |
_aSanto Domingo : _bUASD, _c1985. |
||
| 300 |
_a133 p. ; _c22 cm. |
||
| 490 | 1 |
_aPublicaciones de la Universidad Autónoma de Santo Domingo ; _v384 |
|
| 590 | _aInventariado, 2020/BT | ||
| 600 | 1 | 4 |
_aGARCÍA MÁRQUEZ, GABRIEL, _d1927- _xCRÍTICA E INTERPRETACIÓN _928016 |
| 600 | 1 | 4 |
_aGARCÍA MÁRQUEZ, GABRIEL, _d1927- _tCRÓNICA DE UNA MUERTE ANUNCIADA _928017 |
| 650 | 4 |
_aNovela colombiana _91243 |
|
| 650 | 4 |
_aLiteratura colombiana _91244 |
|
| 700 | 1 | 2 |
_aNúñez, Ramón _928018 |
| 700 | 1 | 2 |
_aCéspedes, Diógenes, _d1941- _epról. _920548 |
| 710 | 1 | 2 |
_aUniversidad Autónoma de Santo Domingo _972951 |
| 830 | 0 |
_aPublicaciones de la Universidad Autónoma de Santo Domingo ; _n384 _928019 |
|
| 910 | _aValidado. Control de calidad MFF | ||
| 999 |
_c11520 _d11520 |
||